| 000 | 00000nam##2200000za#4500 |
| 001 | 9.680274 |
| 003 | CaOODSP |
| 005 | 20200401055530 |
| 007 | ta |
| 008 | 150407|1997||||xxc||||| f|0| 0 fre|d |
| 020 | |a0-660-95807-4 |
| 040 | |aCaOODSP|bfre |
| 043 | |an-cn--- |
| 086 | 1 |aF2-121/1997F |
| 110 | 1 |aCanada. |bMinistère des finances. |
| 245 | 10|aPropositions législatives et réglementaires et notes explicatives concernant l'impôt sur le revenu : |bprêts douteux / |cPublié par le ministre des Finances. |
| 260 | |aOttawa - Ontario : |bFinances Canada. |c1997. |
| 300 | |a36p. ; |c23 cm. |
| 500 | |a«Ces notes donnent une explication détaillée de chacune des modifications proposées à l'intention des parlementaires, des contribuables et de leurs conseillers professionnels.» |
| 520 | 3 |aCes notes donnent une explication détaillée de chacune des modifications proposées à l'intention des parlementaires, des contribuables et de leurs conseillers professionnels |
| 563 | |aCouverture souple |
| 590 | |a97-49|b1997-12-05 |
| 775 | 08|tLegislative and regulatory proposals and explanatory notes relating to income tax : |w(CaOODSP)9.646760 |
| 776 | 0#|tPropositions législatives et réglementaires et notes explicatives concernant l'impôt sur le revenu : |w(CaOODSP)9.640533 |